Quiz wiedzy ogólnej #9 - Statystyki

Ogólne statystyki
  • Ten quiz został rozwiązany 5 935 razy
  • Średni wynik to 7 z 20
Statystyki odpowiedzi
Pytanie Odpowiedź % Poprawnych
Z jakiej wyspy pochodzą lemury? Madagaskar
93%
Kto był pierwszą kobietą, która otrzymała nagrodę Nobla? Maria Skłodowska-Curie
85%
Jaki atrybut królewski nigdy nie był i wciąż nie jest używany w Królestwie Belgii? Korona
80%
Kto założył Facebooka? Mark Zuckerberg
77%
Jaka jest największa wyspa leżąca na Morzu Karaibskim? Kuba
69%
Jak nazywa się największy gatunek jaszczurki? Waran z Komodo
62%
Jaki był sowiecki odpowiednik CIA? KGB
57%
Jak nazywa się księga stanowiąca drugą część Biblii? Księga {Wyjścia}
41%
Kto zabił Achillesa? Parys
37%
Za które miasto-państwo walczył Hannibal? Kartagina
34%
Co podbili Normanowie w 1066 roku? Anglię
28%
W jakim języku napisane jest motto angielskiego monarchy? Francuskim
26%
W którym państwie można najłatwiej napotkać poldery? Holandia
17%
Kto jest znany jako nemezis He-Mana? Szkieletor
12%
Jaki piosenkarz stanowi tematykę filmu "Spacer po linie"? Johnny Cash
8%
Jaka rzeka graniczy z miastem Louisville w stanie Kentucky? Ohio
5%
Na jakim instrumencie grał Ravi Shankar? Sitarze
5%
Jakie jest japońskie słowo oznaczające słodkowodnego węgorza? Unagi
5%
Jaki film spopularyzował frazę "może być tylko jeden"? Nieśmiertelny
4%
Do czego, zgodnie z rzekomym afrykańskim przysłowiem, potrzebna jest wioska? Wychowania dziecka
4%
Nie znaleziono quizów pasujących do podanych kryteriów
Rozkład punktacji
Procent ludzi z każdym wynikiem
Percentyl według liczby udzielonych odpowiedzi
Twoja historia wyników
Nie rozwiązałeś tego quizu